| 000 | 00586nam a2200229 a 4500 | ||
|---|---|---|---|
| 001 | 0001-1208 | ||
| 003 | ELIB.Books | ||
| 008 | 150519 2010 eng | ||
| 020 | _aKBTS | ||
| 035 | _a(ELIB.Books)0001-1363 | ||
| 092 |
_aJ _bPaa |
||
| 100 | _aPaas, Stefan | ||
| 245 |
_aThe Use of Social Data in the Evangelization of Europe: _bMethodological Issues |
||
| 260 | _c2013 | ||
| 300 | _cVol. 37, No.1 | ||
| 500 | _aLibrary | ||
| 650 | _aMission | ||
| 856 |
_nKBTS: Library _uKBTS: Elib |
||
| 942 |
_2ddc _cBK |
||
| 998 |
_cbat _e2015-05-19 |
||
| 999 |
_c11208 _d11208 |
||